000 00822nam a22002297a 4500
005 20240530110437.0
008 150329s2011 su o g 000 0 ara d
017 _a1432/4574
_bالسعودية . مكتبة الملك فهد
020 _a9786035031554
040 _aEG-CaGPL
082 0 4 _221
_a070.43092\
_bر م
100 1 _aراندال ، ديفيد
245 1 2 _aالمراسلون العظماء /
_cديفيد راندال ؛ نقله الى العربيه ثائر ديب
250 _aط1
260 _aالرياض :
_bمكتبة العبيكان ،
_c2011
300 _a271 ص :
_bصور ؛
_c24 سم
650 0 4 _aالصحفيون
_xتراجم
650 0 4 _aالاخلاق الصحفية
700 0 _aثائر ديب
_eمترجم
942 _2ddc
_cBK
999 _c60977
_d60977